| 000 | 00388nam a2200157Ia 4500 | ||
|---|---|---|---|
| 008 | 230711s9999||||xx |||||||||||||| ||und|| | ||
| 020 | _a81-207-2771-1 | ||
| 041 | _aENG | ||
| 082 |
_a800 _bVA-Y |
||
| 100 | _aVaswani,J.P | ||
| 245 | 0 | _aYou are not alone GOD is with you ! | |
| 260 |
_c2004 _aNew Delhi _bSterling Publishing Pvt.Ltd |
||
| 300 | _a96 | ||
| 650 | _aLiterature | ||
| 942 | _cBK | ||
| 999 |
_c5220 _d5220 |
||